Mots cachés Pokémon 4G - Statistiques

Statistiques générales
  • Ce quiz a été pris 32 fois
  • Le résultat moyen est 9 sur 20
Statistiques - réponses
Mot caché Réponse % Correct
aaabbimnt Babimanta
100%
biilzz Blizzi
100%
cefilorr Ceriflor
100%
achkors Charkos
100%
acootx Coatox
100%
ceefhlr Créhelf
100%
ciikkrz Crikzik
100%
agiilrv Givrali
100%
giknort Griknot
100%
ilxy Lixy
100%
alruxy Luxray
100%
aijkop Pijako
100%
iloru Riolu
100%
aahmnpy Manaphy
83%
achiiprsu Pachirisu
80%
aaiklp Palkia
80%
ahilllpy Phyllali
80%
abiilorzz Blizzaroi
75%
ceefhimnpu Chimpenfeu
75%
aeegimrv Magirêve
75%
aeegmnnoz Magnézone
75%
eijmmr Mime Jr.
75%
abdeiruv Baudrive
67%
bdeelnouu Bouldeneu
67%
aceffhrux Chaffreux
67%
aaegllm Gallame
67%
iloux Luxio
67%
aaimnz Manzaï
67%
aiiprtv Ptiravi
67%
aciknos Sancoki
67%
ahimnsy Shaymin
67%
ioorrstt Tritosor
67%
achmmmnoo Mammochon
63%
aabkors Boskara
60%
aaccchkorr Carchacrok
60%
aciloru Lucario
60%
aimmost Motisma
60%
aeorrrtt Torterra
60%
acdeeiprtx Capidextre
50%
aagiinrt Giratina
50%
efginorx Goinfrex
50%
aaehnrt Heatran
50%
ahioopppst Hippopotas
50%
eknoortu Keunotor
50%
aikmmort Momartik
50%
gnoopryz Porygon-Z
50%
aegggiirs Regigigas
50%
bnooortuz Rozbouton
50%
cloorsv Scorvol
50%
aabiimrsz Simiabraz
50%
filoptu Tiplouf
50%
egikosst Togekiss
50%
ciklnop Lockpin
43%
aacghlm Chaglam
40%
eloortuv Étourvol
40%
aagmnno Maganon
40%
eefmoottuu Moufouette
40%
aeeiinpr Apireine
33%
aiiinprt Apitrini
33%
aceehimorr Archéomire
33%
aadgil Dialga
33%
ehinop Phione
33%
ainopr Rapion
33%
eenorttv Vortente
33%
acenoy Écayon
29%
cdhiooppsu Hippodocus
29%
acersu Arceus
25%
abdinoost Bastiodon
25%
aacddopru Cradopaud
25%
acdeefrt Créfadet
25%
abeeekll Élekable
25%
degiorrv Grodrive
25%
eikklmor Mélokrik
25%
affilmoru Moufflair
25%
egilnnoop Pingoléon
25%
biimoprst Spiritomb
25%
beeemostuu Mustébouée
20%
aceeilrss Cresselia
17%
eimortu Étourmi
17%
adeeorrs Roserade
17%
ceefllort Créfollet
14%
acdeghnoor Archéodong
0%
aaccehmr Carmache
0%
acnoorst Castorno
0%
bceioru Ceribou
0%
ceeehillns Cheniselle
0%
cehiint Cheniti
0%
bcoorss Corboss
0%
acdeglnouu Coudlangue
0%
aadikrr Darkrai
0%
deimort Dimoret
0%
cdeiilnor Dinoclier
0%
acdeorrs Drascore
0%
aeooprrttu Étouraptor
0%
ikllnoor Korillon
0%
adiknors Kranidos
0%
aeeilllopr Laporeille
0%
eilmnnou Luminéon
0%
eflmostttu Mustéflott
0%
cinnoortu Noctunoir
0%
aciimorstu Ouisticram
0%
adiloppr Papilord
0%
filnoppru Prinplouf
0%
achinorst Rhinastoc
0%
aeimnorrt Tarinorme
0%
iooprssttu Tortipouss
0%
aaegmny Yanmega
0%
Aucun quiz correspondant
Distribution des résultats
% des personnes avec chaque résultat
Percentile par nombre de réponses
Votre historique - résultats
Vous n’avez pas pris ce quiz